[Event "Pardubice Czech op 22nd"]
[Site "Pardubice"]
[Date "2011.07.28"]
[Round "7"]
[White "Petr, Martin"]
[Black "Zakhartsov, Viacheslav V"]
[Result "0-1"]
[WhiteElo "2523"]
[BlackElo "2578"]
[Annotator "Zakhartsov,Vi"]
[PlyCount "50"]
[EventDate "2011.07.22"]
[EventType "swiss"]
[EventRounds "9"]
[EventCountry "CZE"]
[SourceTitle "CBM 143 Extra"]
[Source "ChessBase"]
[SourceDate "2011.08.29"]
[SourceVersion "1"]
[SourceVersionDate "2011.08.29"]
[SourceQuality "1"]

1. e4 c5 2. Nf3 d6 3. d4 cxd4 4. Nxd4 Nf6 5. Nc3 a6 6. Be3 e5 7. Nb3 Be6 8. f3
Be7 9. Qd2 O-O 10. O-O-O a5 {I was employing this system with 10...a5 the
first time in this game. Probably this choice had not been expected for my
opponent.} 11. Bb5 ({Previously Martin has played} 11. a4 Nc6 12. g4 Nb4 13.
Kb1 Rc8 {(Petr-Yilmaz, Kharkov 2011)}) 11... Na6 12. Kb1 ({In my opinion} 12.
Qe2 {would be a bit better:} Qb8 13. g4 Rc8 14. g5 Ne8 {, as in the game
Karjakin-Grischuk, Odessa rapid 2010.}) 12... Nc7 13. Bb6 Qb8 14. a4 $6 {
After this move Black obtains an advantage. White has other options, for
instance:} (14. Ba4 d5 15. Bxc7 Qxc7 16. exd5 Rfd8 17. dxe6 Rxd2 18. exf7+ Kxf7
19. Nxd2 {with some compensation (Svidler-Najer, Moscow ch-RUS 2006)}) (14.
Bxc7 Qxc7 15. g4 Rfd8 16. Qe2 a4 17. Bxa4 Bc4 18. Qf2 d5 19. exd5 Bb4 (19...
Nxd5 20. Nxd5 Bxd5 21. Bb5 e4) 20. d6 Rxd6 21. Rxd6 Qxd6 22. Bb5 Bxb5 23. Nxb5
Qa6 24. a3 Qxb5 25. axb4 Qxb4 {with equality (Bologan-Freitag, Izmir 2004).})
14... Nxb5 15. Nxb5 Rc8 16. Nc3 (16. Bxa5 {would be more of a principled move,
but here Black also would have obtained an advantage by means of} b6 (16... d5
{is not so clear, although Black has good chances after} 17. Bb4 $1 Bxb4 18.
Qxb4 Rc4 19. Qd6 Qxd6 20. Nxd6 Rcxa4 21. Nxb7 dxe4 22. N7c5 Bxb3 23. Nxb3 exf3
24. gxf3 e4) 17. Bb4 Rxa4 18. Bxd6 (18. Nxd6 {?} Rxb4 19. Qxb4 Ne8) 18... Qa8
19. Na3 (19. Bxe7 $4 Ra1+ 20. Nxa1 Qa2+ 21. Kc1 Qxa1#) (19. Ba3 Bxa3 20. bxa3 (
20. Nxa3 b5) 20... Qc6 21. Nd6 Rca8) 19... Rd8 20. Bxe7 Rxd2 21. Rxd2 Nd7 22.
Rhd1 Qb7) 16... Ra6 17. Be3 (17. Qf2 Nd7 18. Be3 Rxc3 19. bxc3 b5) 17... Rac6 {
With the inevitable exchange sac on c3.} 18. g4 (18. Nxa5 Rxc3 19. bxc3 b5)
18... Rxc3 19. bxc3 b5 20. axb5 a4 (20... Qxb5 {is also good:} 21. c4 Qxc4 22.
Qd3 Qc7) 21. Nd4 {A desperate try.} (21. Nc1 {loses to} Qxb5+ 22. Ka1 d5 23. g5
d4 24. cxd4 (24. gxf6 dxc3) 24... Bb4) (21. c4 $5 {would be more tenacious:}
Bxc4 (21... axb3 22. cxb3) 22. Na5 d5 {!} 23. Nxc4 Qxb5+ 24. Ka1 (24. Nb2 a3
25. c3 dxe4) 24... Qxc4 25. Qd3 Qc6 26. exd5 Nxd5 {with a strong attack.})
21... exd4 22. cxd4 d5 $1 ({White have hoped for} 22... Qxb5+ 23. Ka1 Qc4 24.
d5 {, although this should not save the game:} Nxd5 25. exd5 Bxd5 26. Qxd5 (26.
c3 Bxf3) 26... Bf6+ 27. Qd4 Bxd4+ 28. Bxd4 Qxc2) 23. Ka1 (23. e5 Qxb5+ 24. Ka1
Bb4 {, and Black wins:} 25. Rb1 Bxd2 26. Rxb5 Bxe3 27. exf6 Bxd4+ 28. Ka2 Bxf6)
23... dxe4 24. Rb1 Qd6 25. Qc1 (25. c4 Qa3+ 26. Qa2 Qxe3) 25... Rxc2 0-1

[Event "Lvov Vasylyshyn Memorial-A 14th"]
[Site "Lvov"]
[Date "2017.12.04"]
[Round "6"]
[White "Firman, Nazar"]
[Black "Zakhartsov, Viacheslav V"]
[Result "1-0"]
[WhiteElo "2523"]
[BlackElo "2543"]
[Annotator "Zakhartsov,Vi"]
[PlyCount "119"]
[EventDate "2017.11.29"]
[EventType "tourn"]
[EventRounds "9"]
[EventCountry "UKR"]
[EventCategory "7"]
[SourceTitle "CBM 182"]
[Source "ChessBase"]
[SourceDate "2018.01.17"]
[SourceVersion "1"]
[SourceVersionDate "2018.01.17"]
[SourceQuality "1"]

1. e4 c5 2. Nf3 d6 3. d4 cxd4 4. Nxd4 Nf6 5. Nc3 a6 6. h3 e5 7. Nde2 h5 8. Be3
{Nazar Firman is a very original chess player. He is trying to avoid the main
theoretical lines 8.Bg5 or 8.g3, although now Black has an easy game.} Be6 9.
Nd5 Bxd5 10. exd5 Qa5+ 11. Nc3 Nbd7 ({I didn't like the immediate} 11... Ne4
12. Qd3 Nxc3 13. Qxc3 Qxc3+ 14. bxc3 {although the following was quite
possible:} Nd7 15. Rb1 O-O-O 16. Be2 g6 17. O-O Bh6) 12. Be2 Ne4 (12... Nb6 13.
O-O Nbxd5 {would give White full compensation for the pawn:} 14. Nxd5 Qxd5 15.
Qxd5 Nxd5 16. Bf3 Nxe3 17. fxe3 O-O-O 18. Bd5 f6 19. e4) 13. O-O Nxc3 14. bxc3
g6 $6 {The first step in the wrong direction.} (14... Qxc3 15. Bxh5 g6 16. Be2
(16. Bg4 f5 17. Be2 Bh6) 16... Bh6 {with excellent play.}) 15. Rb1 Qc7 16. Qc1
$1 {Hindering ...Bh6. I completely underestimated this move in hindsight.} Bg7
{Instead of this I had to find the preventive} (16... Rb8 $1 17. Rb3 (17. Qb2
Bh6 18. Bb6 (18. Ba7 Ra8 19. Bb6 Qb8) 18... Nxb6 19. Qxb6 Kd7) 17... Bg7 18.
Qb2 O-O (18... b5 19. a4 bxa4 20. Rxb8+ Qxb8 21. Qa3) 19. Ba7 Nc5 $5 20. Bxb8
Rxb8 {with full compensation for the exchange.}) 17. Qb2 b5 $6 {As they say,
mistakes go by couples.} (17... Rb8 18. Ba7 Ra8 19. Bb6 Nxb6 20. Qxb6 Qxc3 21.
Qxd6 (21. Qxb7 O-O) 21... Rd8 22. Qb4 (22. Qb6 O-O 23. Qxb7 Qxc2 24. Rb2 Qc5)
22... Qxb4 23. Rxb4 b5 {and Black is holding the position:} 24. c4 Bf8 25. Rb3
b4) 18. c4 $1 {Of course, I saw this move, but I hoped for counterplay against
the d5-pawn.} bxc4 19. Qb7 Qxb7 20. Rxb7 Rc8 21. Rfb1 Nf6 22. Bg5 $1 {A very
strong move.} ({I considered only} 22. R1b6 Nxd5 23. Rxd6 Nxe3 24. fxe3 O-O)
22... Ne4 $4 {With other continuations, White has a strong initiative, but
this move loses at once.} (22... Nxd5 23. Bf3 Nf6 24. R1b6) (22... O-O 23. Bxf6
Bxf6 24. R1b6 Rfd8 25. Rxa6) 23. Re7+ Kf8 24. Rc7 $1 {I blundered, missing
this subtlety.} Ra8 (24... Rxc7 25. Rb8+ Rc8 26. Rxc8#) 25. Be3 Bh6 (25... Nc3
26. Rbb7 Nxe2+ 27. Kf1 {and Black is lost.}) 26. Rbb7 f5 27. Bxh6+ Rxh6 28.
Bxc4 {White is completely winning.} Nc5 29. Rb6 Rd8 30. Bxa6 Rh8 31. Bb5 Rg8
32. a4 Rg7 33. Rxg7 Kxg7 34. a5 Kf6 35. a6 e4 36. Bc6 Nxa6 37. Rxa6 Rb8 38. Ra1
h4 39. Kf1 Ke5 40. Ke2 g5 41. Kd2 Kf4 42. Ra8 (42. Bd7 {would not leave
counter-chanses to Black.}) 42... Rb1 43. Rf8 Rf1 44. Ke2 Rc1 45. Ba4 Ke5 46.
Bb3 Rg1 47. Re8+ Kd4 (47... Kf4 48. c4 Rxg2 49. c5) 48. Re6 f4 49. Rxd6 g4 50.
hxg4 Rxg2 51. Kf1 f3 52. Rh6 Rh2 53. Ke1 h3 54. d6 Kc3 55. Bc4 $1 Kxc4 56. d7
e3 (56... Kc3 57. Rc6+ Kb2 58. d8=Q) 57. fxe3 Rh1+ 58. Kf2 Rd1 59. Rxh3 Rxd7
60. Rh5 1-0